Best-Selling Albums of the 2000's - Statistics

General Stats
  • This quiz has been taken 30 times
    26 since last reset
  • The average score is 5 of 10
Answer Stats
Hint Answer % Correct
1. The Beatles- 2000 1
70%
4. Eminem- 2000 The Marshall Mathers LP
65%
5. Eminem- 2002 The Eminem Show
61%
10. 50 Cent- 2003 Get Rich or Die Tryin'
57%
7. Linkin Park- 2002 Hybrid Theory
57%
8. Britney Spears- 2000 Oops!... I Did it Again
48%
2. *NSYNC- 2000 No Strings Attached
43%
3. Norah Jones- 2002 Come Away With Me
39%
6. Ushers- 2004 Confessions
39%
9. Nelly- 2000 Country Grammar
26%
No matching quizzes found
Score Distribution
Percent of People with Each Score
Percentile by Number Answered
Your Score History
You have not taken this quiz since the last reset